| 000 | 00508nam a2200181Ia 4500 | ||
|---|---|---|---|
| 999 |
_c1419 _d1419 |
||
| 003 | OSt | ||
| 005 | 20201012093914.0 | ||
| 008 | 151015s9999 xx 000 0 und d | ||
| 020 | _a582643937 | ||
| 040 |
_aMMU _beng _cMMU _dMMU |
||
| 050 | _aDT30.5.O36 1985 | ||
| 245 |
_aAfrican International Relations/ _cOjo Olatunde JCB. |
||
| 260 |
_aLondon : _b Longman , _c1985. |
||
| 500 | _aIncludes index | ||
| 650 | _a_International relation | ||
| 700 | _a^d20110303 10:14:22^okorir | ||
| 942 |
_2lcc _cLOAN LOAN |
||